000 00742nam a2200229Ia 4500
003 GCL
008 140319s9999 xx 000 0 ara d
040 _aGCL /
_cGCL
082 0 4 _aق
_b962.054
_bم س
100 1 _aمحسن محمد
245 1 0 _aسنة من عمر مصر: تاريخ مصر بالوثائق السرية البريطانية والامريكية /
_cمحسن محمد
260 _a[S.N] :
_bدار المعارف ،
_c1982
300 _a293 ص
490 _a
650 0 4 _aالعصر الحديث
650 0 4 _aمصر
650 0 4 _aتاريخ
650 0 4 _aالاحوال السياسية
650 0 4 _aالاحتلال البريطانى
650 0 4 _aالوثائق الدبلوماسية
942 _2ddc
_cBK
999 _c57758
_d57758